| 000 | 00555nam a2200181 4500 | ||
|---|---|---|---|
| 001 | 1951 | ||
| 005 | 20181127164256.0 | ||
| 008 | 880121s1987 ctua b 001 0 eng | ||
| 010 | _a 86073096 | ||
| 020 | _a0879676388 | ||
| 100 | 1 | _aMings, Turley. | |
| 245 | 1 | 4 |
_aThe study of economics : _bprinciples, concepts & applications / _cTurley Mings. |
| 250 | _a3rd ed. | ||
| 260 |
_aGuilford, Conn. : _bDushkin Pub. Group, _cc1987. |
||
| 300 |
_axlvi, 498 p. : _bill. (some col.) ; _c26 cm. |
||
| 504 | _aIncludes bibliographies and index. | ||
| 650 | 0 | _aEconomics. | |
| 999 |
_c1504 _d1504 |
||